| 000 | 00420 a2200121 4500 | ||
|---|---|---|---|
| 001 | ART_8074 | ||
| 005 | 20260410161831.0 | ||
| 008 | 260409a | ||
| 245 | 1 | 0 | _aComo convertir a sus clientes en socios |
| 100 | 1 | _aCámara Ibañez, Dionisio | |
| 700 | 1 | _aEizaguirre Zarza, Almudena | |
| 773 | 0 |
_tBoletín de estudios económicos _gNuevas tendecnias en marketing - Año 55, Nº 171 (dic. 2000) _wREV5142 |
|
| 999 |
_c23254 _d23254 |
||